| 000 | 00663nam a22001937a 4500 | ||
|---|---|---|---|
| 003 | OSt | ||
| 005 | 20251120142427.0 | ||
| 008 | 251120b |||||||| |||| 00| 0 eng d | ||
| 040 |
_aDWCL-Main lib _cOC |
||
| 082 | _aRes. 025.431 C385u 2007 | ||
| 100 | _aCayaban, Enrique T. | ||
| 245 |
_aUnderstanding the Dewey Decimal Classification for beginners _cCayaban, Enrique T. |
||
| 260 |
_aNueva Vizcaya, Phils. : _bSMU Pub., _cc2007. |
||
| 300 |
_avi, 110 pages : _bb & w illustration ; _c27 cm. |
||
| 504 | _aIncludes bibliography & index. | ||
| 650 | _21. Classification, Dewey decimal. | ||
| 650 | _22. Library classification. | ||
| 942 |
_2ddc _cBK-0 CIRC _kRes. _n0 |
||
| 999 |
_c5893 _d5893 |
||